000 00474nam a22001697a 4500
999 _c3574
_d3574
003 GBCCL
005 20241126110458.0
008 171129b xxu||||| |||| 00| 0 eng d
040 _cgbc
082 _a248
_bBRA
100 _aBramhall, John William
_97128
245 _aLiving His Life /
_cJohn William Bramhall
260 _aUnited States of America:
_bJ. W. Bramhall Radio Fund,
_c1969
300 _a124p.;
_bill.,
_c20 cm.
650 _aChristian life
_9183
942 _2ddc
_cBK